000 006310000a22001090004500
100 1 _aValencia Rincón, Juan Carlos
245 1 0 _aArdiente y pendenciero : Nuevo disco de Wynton Marsalis
300 _aVol.0, núm.19 (Abril, 2007), Página 36
520 _aComo director de la orquesta del Lincoln Center se ha convertido en un feroz defensor del jazz como un género puro que acabó en 1965. Usa trajes de diseñador, gana millones de dólares y odia el rap. ¿Por qué es tán radical uno de los músicos más prolíficos e interesantes de los últimos tiempos?
773 0 _tArcadia / Andrés Felipe Solano, Editor
942 _cANA
999 _c62099
_d62099